000 00894nam a22002175i 4500
001 165854
003 ES-MaACL
005 20230906213222.0
008 020725s1896 sp |||| | spa d
040 _aCCPB | B
_bspa
_cCCPB | B
100 1 _aSuárez de Mendoza, Alberto.
_9108607
245 1 3 _aLa sinfiseotomía
_b: tesis de doctorado /
_cpor Alberto Suarez de Mendoza.
260 _aMadrid :
_b[s.n.],
_c1896 (
_festab. tip. de los sucesores de Cuesta)
300 _aVII, [1] en bl., 56 p., [1] h. pleg. ;
_c22 cm.
530 _aDisponible en formato digital.
594 1 _aPrecede al tít.: "Tesis de doctorado"
650 1 4 _aSinfisiotomía.
_9200339
852 _aES-MaACL
_jT-836-F-3
_z-- Enc. hol., conservando la enc. original
_z-- Enc. en un vol. facticio
856 _uhttp://bdh-rd.bne.es/viewer.vm?id=0000117934&page=1
_zBiblioteca Digital Hispánica
999 _c165854
_d165854